| 000 | 00750nam a22001937a 4500 | ||
|---|---|---|---|
| 005 | 20240115110218.0 | ||
| 010 | _aB-756988-992 ENG | ||
| 020 |
_c995.00 _a9788193746608 |
||
| 035 | _aB-756988-992 | ||
| 037 | _bAakar Books | ||
| 082 | _a415 | ||
| 100 |
_aNarula, Himani Bhatia _960931 |
||
| 245 |
_aThe Problem of Philosophy / _cHimani Bhatiya Narula |
||
| 260 |
_aNew Delhi _bBooks and Books Unlimited _c2018 |
||
| 270 |
_bNew Delhi _aA-6/324-B, DDA Flats, Pachim Vihar, _e110063 |
||
| 300 |
_a155p. _c23cm(HB) |
||
| 942 |
_2ddc _cEN _h415 _mNAR |
||
| 999 |
_c199947 _d199947 |
||